000 01618nam0a2200325 4500
001 RU\NLR\bibl\1338205
005 20260405183000.0
010 _a5-93002-155-4
_9100
021 _aRU
_b2008-108518
_96403
035 _a(NLR Aleph) 001323385
090 _a754280
_c754280
100 _a20090310d2007 |||y0rusy50 ca
101 0 _arus
102 _aRU
105 _aa |||||||||
200 1 _aУправление проектами в Microsoft Project 2003
_eучебное пособие
_fТ.Н. Кудрявцева
_gФедер. агентство по образованию, Междунар. ун-т бизнеса и новых технологий (ин-т)
210 _aЯрославль
_cМУБиНТ
_d2007
215 _a76 с.
_cил.
_d21
320 _aБиблиогр.: с. 75
606 1 _aMICROSOFT PROJECT 2003, пакет прикладных программ
_jУчебные издания для высших учебных заведений
_92358903
_3RU\NLR\auth\661408777
606 1 _aПроекты
_jУчебные издания для высших учебных заведений
_xУправление
_xКомпьютеризация
_92186861
_3RU\NLR\auth\661314795
686 _aЗ973.23-018.2я73-1
686 _aУ21(0)030.2я73
700 1 _4070
_8rus
_7ca
_aКудрявцева
_bТ. Н.
_cспециалист в области управления проектами
_gТатьяна Николаевна
_3RU\NLR\auth\7779639
_962567
801 0 _aRU
_bNLR
_c20090310
_gRCR
801 1 _aRU
_bNLR
_c20090310
942 _cBOOK
980 _aNB
980 _aNBR